Asirse de un cabello (Record no. 173861)

MARC details
000 -LEADER
campo de control de longitud fija 00765nam a22001575i 4500
001 - NÚMERO DE CONTROL
campo de control 173861
003 - IDENTIFICADOR DE NÚMERO DE CONTROL
campo de control ES-MaACL
005 - FECHA Y HORA DE LA ÚLTIMA TRANSACCIÓN
campo de control 20230906215354.0
008 - DATOS DE LONGITUD FIJA--INFORMACIÓN GENERAL
campo de control de longitud fija 100127s1868 sp |||| | spa d
100 1# - ENTRADA PRINCIPAL--NOMBRE DE PERSONA
Nombre de persona Camprodón, Francisco.
9 (RLIN) 34301
245 10 - MENCIÓN DEL TÍTULO
Título Asirse de un cabello
Resto del título : proverbio en un acto /
Mención de responsabilidad, etc. arreglado libremente á la escena española por Francisco Camprodón.
260 ## - PUBLICACIÓN, DISTRIBUCIÓN, ETC.
Lugar de publicación, distribución, etc. Madrid :
Nombre del editor, distribuidor, etc. [s.n.],
Fecha de publicación, distribución, etc. 1868 (
Fabricante Imp. de José Rodríguez)
300 ## - DESCRIPCIÓN FÍSICA
Extensión 33 p. ;
Dimensiones 17 cm.
500 ## - NOTA GENERAL
Nota general En port.: Representado por primera vez en el teatro del Príncipe el 18 de abril de 1868.
852 ## - LOCALIZACIÓN
Ubicación ES-MaACL
Número de control de estantería F-8622(13)
Nota libre .- Enc. pasta española
condición física .- Falto de la cub. original
Nota libre .- Enc. en un vol. facticio formando parte de la col. facticia "Teatro español moderno", vol. 77
Holdings
Estatus retirado Estado de pérdida Estado de daño No para préstamo Colección Biblioteca de origen Biblioteca actual Ubicación en estantería Fecha de adquisición Fuente de adquisición Total de préstamos Signatura topográfica completa Código de barras Visto por última vez Precio de reemplazo Tipo de ítem Koha
        Libros del s. XIX Biblioteca del Ateneo de Madrid Biblioteca del Ateneo de Madrid Sala Pecera Planta 2 27/01/2010     F-8622(13) 1182494 23/02/2023 23/02/2023 Libro impreso antiguo